<?xml version="1.0" encoding="UTF-8"?>
<record
    xmlns:xsi="http://www.w3.org/2001/XMLSchema-instance"
    xsi:schemaLocation="http://www.loc.gov/MARC21/slim http://www.loc.gov/standards/marcxml/schema/MARC21slim.xsd"
    xmlns="http://www.loc.gov/MARC21/slim">

  <leader>00439nam a2200169Ia 4500</leader>
  <controlfield tag="008">230718s9999    xx            000 0 und d</controlfield>
  <datafield tag="041" ind1=" " ind2=" ">
    <subfield code="a">eng</subfield>
  </datafield>
  <datafield tag="082" ind1=" " ind2=" ">
    <subfield code="a">005.268</subfield>
    <subfield code="b">VAU</subfield>
  </datafield>
  <datafield tag="100" ind1=" " ind2=" ">
    <subfield code="a">Vaughn W.R</subfield>
    <subfield code="9">166551</subfield>
  </datafield>
  <datafield tag="245" ind1=" " ind2=" ">
    <subfield code="a">Visual Basic And SQL Server</subfield>
  </datafield>
  <datafield tag="260" ind1=" " ind2=" ">
    <subfield code="c">1998</subfield>
    <subfield code="b">Microsoft</subfield>
  </datafield>
  <datafield tag="300" ind1=" " ind2=" ">
    <subfield code="a">990</subfield>
    <subfield code="d">Ref 676 C (10778)</subfield>
  </datafield>
  <datafield tag="365" ind1=" " ind2=" ">
    <subfield code="c">Rs.</subfield>
    <subfield code="b">2239.55</subfield>
  </datafield>
  <datafield tag="500" ind1=" " ind2=" ">
    <subfield code="a">676 C</subfield>
  </datafield>
  <datafield tag="700" ind1=" " ind2=" ">
    <subfield code="a">Vaughn W.R</subfield>
    <subfield code="9">166551</subfield>
  </datafield>
  <datafield tag="906" ind1=" " ind2=" ">
    <subfield code="d">B:28-Oct-1999</subfield>
    <subfield code="c">COMP</subfield>
    <subfield code="b">335.93</subfield>
  </datafield>
  <datafield tag="999" ind1=" " ind2=" ">
    <subfield code="c">299572</subfield>
    <subfield code="d">299572</subfield>
  </datafield>
  <datafield tag="952" ind1=" " ind2=" ">
    <subfield code="0">0</subfield>
    <subfield code="1">0</subfield>
    <subfield code="2">ddc</subfield>
    <subfield code="3">Ref 676 C (10778)</subfield>
    <subfield code="4">0</subfield>
    <subfield code="7">3</subfield>
    <subfield code="a">CCEP</subfield>
    <subfield code="b">CCEP</subfield>
    <subfield code="d">1999-10-29</subfield>
    <subfield code="e">Tbs</subfield>
    <subfield code="f">COMP</subfield>
    <subfield code="g">1903.62</subfield>
    <subfield code="o">005.268</subfield>
    <subfield code="p">CCEP-BK-10778</subfield>
    <subfield code="r">2023-07-18 00:00:00</subfield>
    <subfield code="t">335.93</subfield>
    <subfield code="v">2239.55</subfield>
    <subfield code="w">1999-10-28</subfield>
    <subfield code="y">BK</subfield>
    <subfield code="z">010778</subfield>
  </datafield>
</record>
